00621nam a22002057a 450000500170000001000130001702000230003003500130005303700160006604000120008208200130009410000210010724500820012826000470021027000550025730000250031250000330033765000250037065000200039520170124110216.0 aB-129765 c750.00a0195666704 aB-129765 bCen Lib/Ret aDPLbEN a954bGUP aGupta, Ashin Das aIndia and the indian ocean world :cby Ashin Das Gupta btrade and politics / aNew Delhi bOxford University Press c2004 bNew Delhi aYMCA building, jai singh road e110001 axxx, 348p.c21cm(Hb) aIncludes appendix and index  aCommission merchants aMerchant marine